000 00283nam a2200109 4500
008 160623b xxu||||| |||| 00| 0 eng d
100 _9711
_a Teale, E.W
245 _aNorthe with the Spring
260 _aN.Y
_b Dodd,Mead &Com
_c1951
300 _aNorthe with the Spring
942 _2ddc
_cBK
999 _c575
_d575